[Event "45th Olympiad 2024"]
[Site "Budapest HUN"]
[Date "2024.09.18"]
[Round "7.66"]
[White "Mwale, George"]
[Black "Piva, Michele"]
[Result "1-0"]
[WhiteElo "2056"]
[BlackElo "1721"]
[TimeControl "40/5400+30:1800_30\""]
[EventDate "2024.09.11"]
[Board "4"]
[WhiteFideId "20500254"]
[BlackFideId "11800453"]
[WhiteTeam "Malawi"]
[BlackTeam "San Marino"]

1. Nf3 d5 2. d4 Nf6 3. g3 Bf5 4. Bg2 e6 5. O-O Be7 6. c4 O-O 7. Nc3 c6 8.
cxd5 cxd5 9. Qb3 b6 10. Bf4 Nc6 11. Rac1 Na5 12. Qd1 a6 13. Na4 Ne4 14. Bc7
Qd7 15. Nxb6 Qb5 16. Nxa8 Rxa8 17. Bxa5 Qxa5 18. Qb3 Bb4 19. a3 Nd2 20.
axb4 Nxb3 21. bxa5 Nxc1 22. Rxc1 f6 23. Nh4 Bg4 24. f3 Bh5 25. Bh3 Bf7 26.
Rc6 f5 27. Bf1 g5 28. Ng2 Kg7 29. e3 Kf6 30. Rxa6 Rc8 31. Rb6 Be8 32. a6
Ra8 33. b4 h5 34. b5 Ke7 35. Rb7+ Kd8 36. b6 Bd7 37. a7 Kc8 38. Ba6 g4 39.
Rb8# 1-0

[Event "45th Olympiad 2024"]
[Site "Budapest HUN"]
[Date "2024.09.18"]
[Round "7.67"]
[White "Van Bemmelen, Ursus"]
[Black "Asante, Debesai Zerabruk"]
[Result "0-1"]
[WhiteElo "2146"]
[BlackElo "1908"]
[TimeControl "40/5400+30:1800_30\""]
[EventDate "2024.09.11"]
[Board "1"]
[WhiteFideId "7501013"]
[BlackFideId "15701310"]
[WhiteTeam "Netherlands Antilles"]
[BlackTeam "Eritrea"]

1. c4 Nf6 2. Nc3 g6 3. g3 Bg7 4. Bg2 O-O 5. e4 d6 6. Nge2 c5 7. d3 Nc6 8.
O-O Bg4 9. h3 Bxe2 10. Nxe2 Ne8 11. Rb1 Nc7 12. Kh2 Ne6 13. f4 Ned4 14. Nc3
f5 15. Be3 Rb8 16. Qd2 a6 17. Rbe1 Qd7 18. Bf2 Kh8 19. b3 b5 20. exf5 gxf5
21. Nd5 Rfe8 22. Qd1 e6 23. Ne3 Bh6 24. Qh5 Qg7 25. Bg1 Qg6 26. Qxg6 hxg6
27. g4 Kg8 28. Bxc6 Nxc6 29. Nc2 Bg7 30. Re2 Kf7 31. Kg3 Bf6 32. Be3 Re7
33. Kg2 Rbe8 34. Ref2 Rd7 35. Rh1 Bh4 36. Rff1 Rde7 37. Bf2 Bf6 38. Be3 e5
39. gxf5 gxf5 40. fxe5 Rxe5 41. Rf3 Nb4 42. Nxb4 cxb4 43. Bf4 Re2+ 44. Rf2
Bd4 45. Rxe2 Rxe2+ 46. Kf3 Rf2+ 47. Kg3 Rxa2 48. cxb5 axb5 49. Bxd6 Rb2 50.
Kf4 Ke6 51. Bxb4 Be5+ 52. Ke3 f4+ 53. Ke4 Re2+ 54. Kf3 Re3+ 55. Kg4 Rg3+
56. Kh4 Rg8 0-1

[Event "45th Olympiad 2024"]
[Site "Budapest HUN"]
[Date "2024.09.18"]
[Round "7.67"]
[White "Kibrom, Weldegebriel Beraki"]
[Black "Capella, Rurik"]
[Result "1-0"]
[WhiteElo "1885"]
[BlackElo "1971"]
[TimeControl "40/5400+30:1800_30\""]
[EventDate "2024.09.11"]
[Board "2"]
[WhiteFideId "15701190"]
[BlackFideId "7501005"]
[WhiteTeam "Eritrea"]
[BlackTeam "Netherlands Antilles"]

1. d4 d6 2. Nf3 g6 3. c4 Bg7 4. Nc3 Nf6 5. e4 O-O 6. Be2 e5 7. d5 Na6 8.
Bg5 h6 9. Bh4 Qe8 10. Nd2 Nxe4 11. Ndxe4 f5 12. f3 g5 13. Bf2 fxe4 14. Nxe4
Bf5 15. O-O g4 16. Rc1 Qg6 17. Ng3 gxf3 18. Bxf3 Bd3 19. Re1 Rf4 20. Bh5
Qh7 21. b3 Nb4 22. Qd2 Nc2 23. Red1 Raf8 24. Qxd3 Qxd3 25. Rxd3 Rxf2 26.
Bf3 Nb4 27. Re3 Rxa2 28. Nh5 Bf6 29. Be4 Bg5 30. Rg3 Kh8 31. Rd1 Re2 32.
Bf3 Re3 33. Rg4 Rxb3 34. h4 Be3+ 35. Kh2 Nd3 36. Rg6 Bf4+ 37. g3 Rb2+ 38.
Bg2 Nf2 39. Re1 Nd3 40. Rf1 e4 41. Nxf4 e3 42. Rxh6+ Kg7 43. Rg6+ Kh7 44.
Re6 Ne5 45. Kh3 e2 46. Re1 Rb3 47. Be4+ Kg8 48. Kg2 Re3 49. Rxe2 Rxe2+ 50.
Nxe2 Nxc4 51. Nd4 Ne5 52. h5 a5 53. Nf5 Ng4 54. Rg6+ Kf7 55. Rxg4 Kf6 56.
Nd4 Rh8 57. Rf4+ Ke7 58. g4 a4 59. Nb5 Ra8 1-0

[Event "45th Olympiad 2024"]
[Site "Budapest HUN"]
[Date "2024.09.18"]
[Round "7.67"]
[White "Van Opstal, Rurik"]
[Black "Lilay, Weldu Gebru"]
[Result "1-0"]
[WhiteElo "2006"]
[BlackElo "1977"]
[TimeControl "40/5400+30:1800_30\""]
[EventDate "2024.09.11"]
[Board "3"]
[WhiteFideId "7502621"]
[BlackFideId "15701352"]
[WhiteTeam "Netherlands Antilles"]
[BlackTeam "Eritrea"]

1. e4 c5 2. Nf3 Nc6 3. d4 cxd4 4. Nxd4 Nxd4 5. Qxd4 e6 6. Nc3 d6 7. Be3 Bd7
8. O-O-O Qa5 9. Bc4 Nf6 10. f4 e5 11. Qd3 a6 12. h3 Be7 13. g4 Bc6 14. g5
Nd7 15. h4 Rc8 16. f5 b5 17. Bb3 b4 18. Nd5 Bxd5 19. Bxd5 Nc5 20. Bxc5 Qxc5
21. Qb3 f6 22. Bf7+ Kf8 23. Rd2 a5 24. Qe6 fxg5 25. Kb1 gxh4 26. Ka1 a4 27.
Bh5 g6 28. fxg6 hxg6 29. Qxg6 Rxh5 30. Rf1+ Bf6 31. Rxf6+ Ke7 32. Qg7+ 1-0

[Event "45th Olympiad 2024"]
[Site "Budapest HUN"]
[Date "2024.09.18"]
[Round "7.67"]
[White "Samuel, Merhawi Gebrehiwet"]
[Black "Van Delden, Johan"]
[Result "1-0"]
[WhiteElo "1788"]
[BlackElo "1909"]
[TimeControl "40/5400+30:1800_30\""]
[EventDate "2024.09.11"]
[Board "4"]
[WhiteFideId "15701204"]
[BlackFideId "7502206"]
[WhiteTeam "Eritrea"]
[BlackTeam "Netherlands Antilles"]

1. d4 d5 2. Nf3 Nf6 3. g3 e6 4. Bg2 Be7 5. O-O O-O 6. c4 c6 7. b3 Nbd7 8.
Bb2 Qc7 9. Nbd2 Ne4 10. Nxe4 dxe4 11. Nd2 f5 12. e3 c5 13. Qc2 b6 14. f3
exf3 15. Nxf3 Bb7 16. Rad1 Rae8 17. Ne1 Bg5 18. Qd3 e5 19. Bxb7 Qxb7 20. d5
e4 21. Qe2 Qc7 22. Ng2 Ne5 23. Bxe5 Qxe5 24. Nf4 Bxf4 25. gxf4 Qf6 26. Kh1
Kh8 27. Rg1 Rg8 28. Rg5 Rd8 29. Rdg1 g6 30. Qf2 Rd7 31. Qg3 Rdg7 32. Qe1
Rc8 33. R5g2 Kg8 34. Qa1 Kf7 35. Qxf6+ Kxf6 36. h4 Rcg8 37. Kh2 h6 38. Kh3
g5 39. fxg5+ hxg5 40. Rxg5 Rxg5 41. Rxg5 Re8 42. Kg3 Ke5 43. h5 Rh8 44. Rg6
f4+ 45. exf4+ Kd4 46. h6 Kd3 47. Re6 Rg8+ 48. Kf2 Rg4 49. d6 Rxf4+ 50. Ke1
Rf8 51. d7 Ke3 52. Re8 1-0

[Event "45th Olympiad 2024"]
[Site "Budapest HUN"]
[Date "2024.09.18"]
[Round "7.68"]
[White "Cogan, Nicolas"]
[Black "Khan, Taffin"]
[Result "1-0"]
[WhiteElo "2112"]
[BlackElo "2066"]
[TimeControl "40/5400+30:1800_30\""]
[EventDate "2024.09.11"]
[Board "1"]
[WhiteFideId "679356"]
[BlackFideId "19700024"]
[WhiteTeam "Cote d’Ivoire"]
[BlackTeam "Guyana"]

1. d4 e6 2. c4 Bb4+ 3. Bd2 a5 4. a3 Bxd2+ 5. Qxd2 f5 6. Nc3 Nf6 7. e3 b6 8.
Bd3 Bb7 9. f3 O-O 10. Nge2 Qe7 11. O-O c5 12. d5 Kh8 13. e4 d6 14. Nf4 fxe4
15. fxe4 Bc8 16. h3 e5 17. Nfe2 Na6 18. Ng3 g6 19. Rf3 Bd7 20. Raf1 Ng8 21.
Bc2 Nc7 22. Ba4 Rxf3 23. Rxf3 Kg7 24. Bxd7 Qxd7 25. Qf2 Qe7 26. Nd1 Rf8 27.
Ne3 Rxf3 28. Qxf3 Nh6 29. Ng4 Nf7 30. Qb3 h5 31. Nf2 Na8 32. Qb5 Qc7 33.
Qe8 Qd8 34. Qc6 Kf8 35. Nd1 Qb8 36. Qd7 Qc7 37. Qe6 Kg7 38. Ne3 Nh6 39. Qe8
h4 40. Ngf1 Qb7 41. Qd8 Nf7 42. Qxh4 Qd7 43. g4 Qd8 44. Qxd8 Nxd8 45. h4
Nf7 46. Kf2 Nc7 47. Nd2 Ne8 48. Nb1 Nf6 49. Nc3 Kf8 50. Kf3 Ke7 51. Na4 Nd7
52. g5 Kd8 53. Kg4 Kc7 54. h5 Nf8 55. Nc3 Kd7 56. Na4 Kc7 57. Nc3 Kd7 58.
Nf1 Kc7 59. Nd2 Kd7 60. Nf3 Nh8 61. Nh4 Ke7 62. Na4 Kf7 63. Nxb6 gxh5+ 64.
Kxh5 Nhg6 65. Nxg6 Nxg6 66. Nc8 1-0

[Event "45th Olympiad 2024"]
[Site "Budapest HUN"]
[Date "2024.09.18"]
[Round "7.68"]
[White "Drayton, Anthony"]
[Black "De Gondo, Simplice Armel"]
[Result "1-0"]
[WhiteElo "1964"]
[BlackElo "2045"]
[TimeControl "40/5400+30:1800_30\""]
[EventDate "2024.09.11"]
[Board "2"]
[WhiteFideId "19700261"]
[BlackFideId "14306310"]
[WhiteTeam "Guyana"]
[BlackTeam "Cote d’Ivoire"]

1. d4 c5 2. d5 e5 3. dxe6 fxe6 4. e4 d5 5. Qh5+ g6 6. Qe5 Qf6 7. Qc7 Nc6 8.
Bb5 Ne7 9. e5 Qf5 10. Nc3 a6 11. Ba4 d4 12. g4 Qxg4 13. f3 Qh4+ 14. Kf1
dxc3 15. Bxc6+ Nxc6 16. bxc3 Bg7 17. Qxg7 Rf8 18. Bh6 Qe7 19. Qxf8+ Qxf8
20. Bxf8 Kxf8 21. f4 Ne7 22. Ne2 Bd7 23. Kf2 Bc6 24. Rhd1 Bd5 25. a4 Rc8
26. Rab1 Rc7 27. Ng3 Bc6 28. Rd8+ Kg7 29. a5 Nd5 30. Ne4 Nxf4 31. Nxc5 Bb5
32. c4 Bc6 33. Rd6 Kf7 34. Ke3 g5 35. Rb6 Bd5 36. Rd7+ Rxd7 37. Nxd7 Bc6
38. Nc5 Ng6 39. Kd4 Nh4 40. Nxb7 Nf3+ 41. Ke3 Nxe5 42. Nd8+ Kf6 43. Nxc6
Nxc4+ 44. Kd4 Na3 45. Kc3 g4 46. Nd4 Kf7 47. Rb3 e5 48. Rxa3 exd4+ 49. Kxd4
1-0

[Event "45th Olympiad 2024"]
[Site "Budapest HUN"]
[Date "2024.09.18"]
[Round "7.68"]
[White "Manan, Yoboue Hermann"]
[Black "Nathoo, Loris"]
[Result "0-1"]
[WhiteElo "2030"]
[BlackElo "1788"]
[TimeControl "40/5400+30:1800_30\""]
[EventDate "2024.09.11"]
[Board "3"]
[WhiteFideId "20800061"]
[BlackFideId "19700083"]
[WhiteTeam "Cote d’Ivoire"]
[BlackTeam "Guyana"]

1. e4 c5 2. Nf3 d6 3. d4 cxd4 4. Qxd4 Nc6 5. Qe3 g6 6. Nc3 Bg7 7. h3 Nf6 8.
Bc4 Be6 9. Bxe6 fxe6 10. O-O e5 11. Rd1 O-O 12. Qd3 h6 13. a3 Rc8 14. Nd5
Kh7 15. Be3 Qe8 16. b4 Nxd5 17. Qxd5 g5 18. c4 Qg6 19. Rac1 Rxf3 20. gxf3
Rf8 21. b5 Nd4 22. Bxd4 exd4 23. Rd3 Be5 24. Qxb7 Qf6 25. Kg2 h5 26. Rh1
Bf4 27. Qd5 e5 28. Rf1 Kg7 29. Qb7+ Rf7 30. Qc6 g4 31. fxg4 Be3 32. f4 exf4
33. Rf3 hxg4 34. hxg4 Qh4 35. Qc8 Qe1 36. Rdxe3 dxe3 37. Rh3 Qf2+ 38. Kh1
Qf1+ 39. Kh2 Qxh3+ 40. Kxh3 e2 41. Qd8 e1=Q 42. Qg5+ Kh8 43. Qd8+ Kh7 0-1

[Event "45th Olympiad 2024"]
[Site "Budapest HUN"]
[Date "2024.09.18"]
[Round "7.68"]
[White "Pitamber, Sachin Dhilan"]
[Black "Assemien, Yoann Philippe"]
[Result "1-0"]
[WhiteElo "1715"]
[BlackElo "1801"]
[TimeControl "40/5400+30:1800_30\""]
[EventDate "2024.09.11"]
[Board "4"]
[WhiteFideId "19702566"]
[BlackFideId "20802889"]
[WhiteTeam "Guyana"]
[BlackTeam "Cote d’Ivoire"]

1. e4 e5 2. Nf3 Nc6 3. Bb5 Nf6 4. O-O Nxe4 5. Re1 Nd6 6. Nxe5 Be7 7. Nxc6
dxc6 8. Bf1 O-O 9. d4 Bf5 10. Nd2 Qd7 11. Nf3 Bf6 12. Ne5 Bxe5 13. dxe5 Nc8
14. Qxd7 Bxd7 15. Bg5 h6 16. Bh4 g5 17. Bg3 Ne7 18. Rad1 Be6 19. Bd3 Rad8
20. f4 Rd7 21. h4 g4 22. h5 c5 23. Bh4 Rfd8 24. Bxe7 Rxe7 25. Bh7+ Kxh7 26.
Rxd8 a6 27. Red1 Kg7 28. Rb8 b6 29. Rdd8 f6 30. f5 Bxf5 31. Rg8+ Kf7 32.
Rbf8+ Ke6 33. exf6 Rd7 34. Rg7 Rd1+ 35. Kh2 Ke5 36. f7 Kf4 37. Rfg8 1-0

[Event "45th Olympiad 2024"]
[Site "Budapest HUN"]
[Date "2024.09.18"]
[Round "7.69"]
[White "Muhammed, Shuaau"]
[Black "Gurner, Jem"]
[Result "1-0"]
[WhiteElo "2052"]
[BlackElo "2091"]
[TimeControl "40/5400+30:1800_30\""]
[EventDate "2024.09.11"]
[Board "1"]
[WhiteFideId "16700406"]
[BlackFideId "67600280"]
[WhiteTeam "Maldives"]
[BlackTeam "Jersey"]

1. e4 c5 2. Nf3 d6 3. d4 cxd4 4. Nxd4 Nf6 5. Nc3 a6 6. f3 e5 7. Nb3 Be7 8.
Be3 Be6 9. Qd2 h5 10. Nd5 Nxd5 11. exd5 Bf5 12. Be2 a5 13. a4 Nd7 14. Bb5
O-O 15. O-O Nf6 16. Rac1 e4 17. f4 Ng4 18. Bd4 Bf6 19. h3 Nh6 20. Bxf6 Qxf6
21. Nxa5 e3 22. Qb4 Qg6 23. Nc4 Bxh3 24. Nxe3 Nf5 25. Bd3 Rfe8 26. Bxf5
Bxf5 27. Nxf5 Qxf5 28. Qxb7 Rxa4 29. c4 Raa8 30. Rf2 Qf6 31. Qb3 Rab8 32.
Qc3 Qxc3 33. Rxc3 Re1+ 34. Kh2 Rb1 35. Rcc2 Rb3 36. Rfd2 Rb8 37. c5 dxc5
38. d6 Rd8 39. Rxc5 g6 40. d7 Kf8 41. f5 Rf1 42. fxg6 fxg6 43. b4 Rf6 44.
b5 Rb6 45. Kg3 Rb7 46. Rcd5 Ke7 47. Kh4 Kf7 48. Kg5 Kg7 49. g3 Kf7 50. Kf4
Ke7 51. Kg5 Kf7 52. Rf2+ Ke6 53. Rc5 Rbxd7 54. Rf6+ Ke7 55. Re5# 1-0

[Event "45th Olympiad 2024"]
[Site "Budapest HUN"]
[Date "2024.09.18"]
[Round "7.69"]
[White "Carpenter, Paul A"]
[Black "Mohamed, Hassan"]
[Result "1/2-1/2"]
[WhiteElo "1985"]
[BlackElo "1880"]
[TimeControl "40/5400+30:1800_30\""]
[EventDate "2024.09.11"]
[Board "2"]
[WhiteFideId "408930"]
[BlackFideId "16700058"]
[WhiteTeam "Jersey"]
[BlackTeam "Maldives"]

1. b3 e5 2. Bb2 Nc6 3. d3 d5 4. e3 Nf6 5. Nd2 a5 6. a3 Bg4 7. Ne2 Bc5 8. h3
Be6 9. g3 Qe7 10. Bg2 O-O 11. O-O Rad8 12. Kh2 Nd7 13. f4 f5 14. fxe5 Bxe3
15. d4 g5 16. Rf3 f4 17. gxf4 Bxf4+ 18. Nxf4 gxf4 19. Qe1 Rf7 20. Qf2 Kh8
21. Rxf4 Rxf4 22. Qxf4 Rf8 23. Qe3 Qg7 24. Rg1 Rg8 25. c4 Ne7 26. Bxd5
Qxg1+ 27. Qxg1 Rxg1 28. Kxg1 Nxd5 29. cxd5 Bxh3 30. e6 Nb6 31. e7 Bd7 32.
d6 cxd6 33. Ne4 Nd5 34. Nxd6 Nxe7 35. Nxb7 Kg8 36. Nxa5 Kf7 37. Nc4 Ke6 38.
a4 Bc6 39. Ne5 Be4 40. a5 h5 41. Bc3 Nf5 42. a6 Kd6 43. Kf2 h4 44. Nf7+ Kc6
45. Nd8+ Kb6 46. Ne6 Bd5 47. Nf4 1/2-1/2

[Event "45th Olympiad 2024"]
[Site "Budapest HUN"]
[Date "2024.09.18"]
[Round "7.69"]
[White "Hussain, Nimal"]
[Black "Belzo, Krzysztof"]
[Result "1-0"]
[WhiteElo "1805"]
[BlackElo "2076"]
[TimeControl "40/5400+30:1800_30\""]
[EventDate "2024.09.11"]
[Board "3"]
[WhiteFideId "16700309"]
[BlackFideId "1126768"]
[WhiteTeam "Maldives"]
[BlackTeam "Jersey"]

1. d4 c5 2. Nf3 cxd4 3. Nxd4 Nc6 4. e4 g6 5. Bc4 Bg7 6. c3 d6 7. Be3 Nf6 8.
Nd2 O-O 9. O-O Ng4 10. Nc2 Nxe3 11. Nxe3 Ne5 12. Be2 Bd7 13. Nf3 Bc6 14.
Qc2 Nxf3+ 15. Bxf3 Qa5 16. Rfd1 Ba4 17. b3 Bc6 18. Rac1 Qe5 19. Qd3 Rac8
20. Nc4 Qg5 21. Rc2 b6 22. Qe3 Qh4 23. g3 Qh3 24. Qf4 h5 25. Bg2 Qe6 26.
Qd2 b5 27. Na5 Bxe4 28. Bxe4 Qxe4 29. Re1 Qf3 30. Re3 Qf6 31. Qe2 a6 32.
Rxe7 Rxc3 33. Rd2 Rc1+ 34. Kg2 Qc3 35. Nb7 Bf6 36. Re3 Qc6+ 37. Qf3 Bg5 38.
Rxd6 Qc7 39. Red3 a5 40. Qd5 Qe7 41. Rxg6+ Kh7 42. Rxg5 1-0

[Event "45th Olympiad 2024"]
[Site "Budapest HUN"]
[Date "2024.09.18"]
[Round "7.69"]
[White "Forbes, Garry"]
[Black "Abdul Rahman, Ali"]
[Result "1/2-1/2"]
[WhiteElo "1858"]
[BlackElo "1844"]
[TimeControl "40/5400+30:1800_30\""]
[EventDate "2024.09.11"]
[Board "4"]
[WhiteFideId "10700331"]
[BlackFideId "16700066"]
[WhiteTeam "Jersey"]
[BlackTeam "Maldives"]

1. c4 e6 2. g3 d5 3. Bg2 Nf6 4. Nf3 c6 5. O-O Bd6 6. d4 Ne4 7. Nfd2 f5 8.
Nxe4 fxe4 9. f3 exf3 10. Rxf3 Nd7 11. Rf1 Nf6 12. c5 Be7 13. Nc3 O-O 14. e4
dxe4 15. Nxe4 Nxe4 16. Rxf8+ Bxf8 17. Bxe4 g6 18. Bf4 Bg7 19. Be5 Qg5 20.
Bf4 Qd8 21. Be5 Qg5 22. Bf4 Qd8 23. Be5 1/2-1/2

[Event "45th Olympiad 2024"]
[Site "Budapest HUN"]
[Date "2024.09.18"]
[Round "7.70"]
[White "Mahamat, Hachim Bachar"]
[Black "Gabriel, Davidson"]
[Result "0-1"]
[WhiteElo "1872"]
[BlackElo "2043"]
[TimeControl "40/5400+30:1800_30\""]
[EventDate "2024.09.11"]
[Board "1"]
[WhiteFideId "42800030"]
[BlackFideId "11901284"]
[WhiteTeam "Chad"]
[BlackTeam "Haiti"]

1. e4 c5 2. g3 d5 3. Bg2 dxe4 4. Bxe4 Nf6 5. Bg2 Nc6 6. Ne2 h5 7. d3 h4 8.
Bg5 h3 9. Bf3 Ne5 10. Nf4 Qd4 11. Nc3 Nxf3+ 12. Qxf3 Qe5+ 13. Ne4 Nxe4 14.
Qxe4 Qxg5 15. Nd5 Kd8 16. Ne3 Qg6 17. Qd5+ Kc7 18. Qxc5+ Qc6 19. Nd5+ Kb8
20. Qxc6 bxc6 21. Nb4 Kc7 22. d4 e5 23. Nd3 exd4 24. O-O Bf5 25. Rad1 Bd6
26. Ne1 c5 27. b4 Rhe8 28. bxc5 Bxc5 29. Nd3 Bxd3 30. Rxd3 Re2 31. c3 Rxa2
32. cxd4 Bb6 33. g4 Rh8 34. f4 Rg2+ 35. Kh1 Rxg4 36. d5 Rh6 37. Rc1+ Kd7
38. f5 Rh5 39. d6 Rhg5 40. Rdd1 Rg1+ 41. Rxg1 Rxg1+ 42. Rxg1 Bxg1 43. Kxg1
Kxd6 44. Kf2 a5 45. Kg3 a4 0-1

[Event "45th Olympiad 2024"]
[Site "Budapest HUN"]
[Date "2024.09.18"]
[Round "7.70"]
[White "Etienne, Angelo"]
[Black "Abdelaziz Bokhit, Badjoiri"]
[Result "1-0"]
[WhiteElo "2122"]
[BlackElo "1778"]
[TimeControl "40/5400+30:1800_30\""]
[EventDate "2024.09.11"]
[Board "2"]
[WhiteFideId "361096937"]
[BlackFideId "42800099"]
[WhiteTeam "Haiti"]
[BlackTeam "Chad"]

1. Nf3 d5 2. g3 Nf6 3. Bg2 e6 4. O-O Be7 5. d3 O-O 6. Nbd2 Re8 7. c4 d4 8.
Nb3 c5 9. e3 Nc6 10. exd4 cxd4 11. Re1 Bd6 12. a3 e5 13. Bg5 h6 14. Bxf6
Qxf6 15. Nfxd4 Nxd4 16. Nxd4 Bc5 17. Nf3 a5 18. d4 Bd6 19. dxe5 Bxe5 20.
Qd5 Bg4 21. Nxe5 Rxe5 22. Qxe5 Qb6 23. Qe4 Be6 24. Qxb7 Qxb7 25. Bxb7 Rb8
26. Bd5 Bh3 27. c5 Rxb2 28. c6 Rd2 29. Bg2 Be6 30. c7 Rc2 31. Rac1 Ra2 32.
Rxe6 fxe6 33. c8=Q+ 1-0

[Event "45th Olympiad 2024"]
[Site "Budapest HUN"]
[Date "2024.09.18"]
[Round "7.70"]
[White "Adam, Jamal"]
[Black "Victor, Wyclef"]
[Result "1-0"]
[WhiteElo "2013"]
[BlackElo "1924"]
[TimeControl "40/5400+30:1800_30\""]
[EventDate "2024.09.11"]
[Board "3"]
[WhiteFideId "12200620"]
[BlackFideId "11901268"]
[WhiteTeam "Chad"]
[BlackTeam "Haiti"]

1. e4 c5 2. Nf3 Nc6 3. d4 cxd4 4. Nxd4 Nf6 5. Nc3 d6 6. Be2 g6 7. Be3 Bg7
8. Qd2 O-O 9. O-O-O Qa5 10. Nb3 Qc7 11. h4 Be6 12. h5 Rfc8 13. hxg6 fxg6
14. Bh6 Bh8 15. f4 Na5 16. Kb1 Nc4 17. Bxc4 Qxc4 18. f5 Bf7 19. Qf4 d5 20.
Rd4 Qc6 21. e5 Ne4 22. Nxe4 Qxc2+ 23. Ka1 dxe4 24. Rd2 Qc6 25. e6 Be8 26.
Re2 Qb5 27. fxg6 Bxg6 28. Rf2 Bf6 29. g4 Qe5 30. Rhf1 Qxe6 31. g5 Bg7 32.
Bxg7 Kxg7 33. Nd4 Qd5 34. Qe3 Rf8 35. Qc3 Kg8 36. b3 Rxf2 37. Rxf2 Rd8 38.
Nc2 Qxg5 39. Ne3 Qb5 40. Nc4 Rd1+ 41. Kb2 Rb1+ 42. Kxb1 e3+ 43. Rc2 Qc5 44.
Qxe3 Qxe3 45. Nxe3 h5 46. Kc1 Bxc2 47. Kxc2 Kf7 48. Kd3 Ke6 49. Ke4 b6 50.
Nf5 Kf6 51. Kf4 e6 52. Nh4 a6 53. Nf3 b5 54. Ke4 Ke7 55. Ke5 Kd7 56. b4 Ke7
57. a3 Kd7 58. Nh4 Ke7 59. Ng6+ Kf7 60. Nf4 h4 61. Nxe6 Kg6 62. Kf4 Kf6 63.
Nc5 h3 64. Kg3 Ke5 65. Nxa6 Kd6 66. Kxh3 Kc6 67. Kg3 Kb7 68. Nc5+ Kc6 69.
Kf4 Kd5 70. Na6 Kc4 71. Ke4 1-0

[Event "45th Olympiad 2024"]
[Site "Budapest HUN"]
[Date "2024.09.18"]
[Round "7.70"]
[White "Guillaume, Jude Mirvens"]
[Black "Hassaballa, Ahmed Hassaballa"]
[Result "1-0"]
[WhiteElo "1956"]
[BlackElo "1902"]
[TimeControl "40/5400+30:1800_30\""]
[EventDate "2024.09.11"]
[Board "4"]
[WhiteFideId "11900792"]
[BlackFideId "12204293"]
[WhiteTeam "Haiti"]
[BlackTeam "Chad"]

1. d4 Nf6 2. c4 c5 3. d5 e6 4. Nc3 d6 5. e4 Be7 6. Bd3 O-O 7. Nge2 exd5 8.
exd5 Nbd7 9. Bc2 Ne5 10. b3 a6 11. O-O Re8 12. f4 Ng6 13. Bb2 Bf8 14. h3
Bd7 15. Qd3 Qe7 16. Rf3 Nh4 17. Rg3 Bf5 18. Qd2 Bxc2 19. Qxc2 Ng6 20. Qf5
Rab8 21. a4 Qd7 22. Qxd7 Nxd7 23. Kf2 Nf6 24. Re3 Rxe3 25. Kxe3 Re8+ 26.
Kf3 Nh4+ 27. Kf2 h5 28. Rg1 Nf5 29. g4 hxg4 30. hxg4 Ne3 31. g5 Nd7 32. Ng3
f5 33. Kf3 Nc2 34. Nxf5 Nd4+ 35. Nxd4 cxd4 36. Ne4 Nc5 37. Re1 Rc8 38. Nxc5
dxc5 39. Re6 Rd8 40. Ke4 Bd6 41. f5 Kf7 42. a5 Bc7 43. Ba3 Bd6 44. Bc1 Bc7
45. Bd2 Rh8 46. d6 Bd8 47. g6+ Kf8 48. d7 Be7 49. Bg5 1-0

[Event "45th Olympiad 2024"]
[Site "Budapest HUN"]
[Date "2024.09.18"]
[Round "7.71"]
[White "Liyanage, Ranindu Dilshan"]
[Black "Bodin-Hullin, Thomas"]
[Result "1-0"]
[WhiteElo "2366"]
[BlackElo "1855"]
[TimeControl "40/5400+30:1800_30\""]
[EventDate "2024.09.11"]
[Board "1"]
[WhiteFideId "9915834"]
[BlackFideId "681407"]
[WhiteTeam "Sri Lanka"]
[BlackTeam "Senegal"]

1. Nf3 c5 2. b3 d5 3. e3 Nc6 4. Bb2 Nf6 5. Bb5 Bg4 6. h3 Bh5 7. g4 Bg6 8.
Ne5 Qc7 9. Bxc6+ bxc6 10. d3 e6 11. Nd2 Nd7 12. Nxd7 Qxd7 13. Qe2 f6 14. f4
Bd6 15. Nf3 Qc7 16. h4 h5 17. g5 e5 18. gxf6 gxf6 19. fxe5 fxe5 20. Qg2 Rg8
21. Qh3 Qe7 22. Rg1 Kd8 23. Rg5 d4 24. e4 Kc7 25. O-O-O Bf7 26. Rxg8 Rxg8
27. Ng5 Rxg5 28. hxg5 Qxg5+ 29. Kb1 Qg4 30. Qxg4 hxg4 31. Bc1 Be7 32. Bd2
Kd7 33. Rf1 Ke6 34. Be1 Bg5 35. Bg3 Bg6 36. Kb2 Bf4 37. Bxf4 exf4 38. Rxf4
Bh5 39. Rf5 1-0

[Event "45th Olympiad 2024"]
[Site "Budapest HUN"]
[Date "2024.09.18"]
[Round "7.71"]
[White "Lesbros, Bernard"]
[Black "Amarathunga, Kosala Sandeepa Chamikara"]
[Result "0-1"]
[WhiteElo "1938"]
[BlackElo "1956"]
[TimeControl "40/5400+30:1800_30\""]
[EventDate "2024.09.11"]
[Board "2"]
[WhiteFideId "614831"]
[BlackFideId "29970954"]
[WhiteTeam "Senegal"]
[BlackTeam "Sri Lanka"]

1. Nf3 Nf6 2. c4 e6 3. g3 d5 4. Bg2 dxc4 5. Na3 Be7 6. O-O a6 7. Nxc4 c5 8.
d4 b5 9. Nce5 O-O 10. a4 Bb7 11. axb5 axb5 12. Rxa8 Bxa8 13. Qb3 Qb6 14.
dxc5 Bxc5 15. Nd3 Bd5 16. Qc2 Be7 17. Be3 Qb7 18. Rc1 Na6 19. Nfe1 h6 20.
Nf4 Nb4 21. Qc7 Qxc7 22. Rxc7 Bd6 23. Nxd5 Nbxd5 24. Rc6 Nxe3 25. fxe3 Rd8
26. Bf3 e5 27. Nc2 e4 28. Bg2 Be5 29. Nd4 Bxd4 30. exd4 Rxd4 31. Rb6 Rb4
32. Kf2 Rxb2 33. Rb8+ Kh7 34. Rb7 Ng4+ 35. Ke1 f5 36. h3 Ne3 37. Bh1 Rb1+
38. Kf2 Nd1+ 39. Kg2 0-1

[Event "45th Olympiad 2024"]
[Site "Budapest HUN"]
[Date "2024.09.18"]
[Round "7.71"]
[White "Kodithuwakku, K K Dinujaya"]
[Black "Marochkina, Nadezhda Valerevna"]
[Result "1-0"]
[WhiteElo "1827"]
[BlackElo "1792"]
[TimeControl "40/5400+30:1800_30\""]
[EventDate "2024.09.11"]
[Board "3"]
[WhiteFideId "9998845"]
[BlackFideId "19900490"]
[WhiteTeam "Sri Lanka"]
[BlackTeam "Senegal"]

1. d4 d5 2. Nc3 Nf6 3. Bf4 c6 4. e3 Bg4 5. f3 Bf5 6. g4 Bg6 7. h4 h6 8. Bd3
Bxd3 9. Qxd3 e6 10. Nge2 Nbd7 11. O-O-O Nb6 12. b3 Bd6 13. Kb1 Ba3 14. g5
Nh5 15. gxh6 g6 16. Bg5 Qc7 17. Nf4 Bf8 18. Nxh5 gxh5 19. Rde1 Bxh6 20. Bf6
Rg8 21. Qh7 Rg6 22. Be5 Qe7 23. Rhg1 Qxh4 24. Kb2 Bxe3 25. Rh1 Qf2 26. Nd1
Bxd4+ 27. Kc1 Qxf3 28. Bxd4 Qf4+ 29. Be3 Qf6 30. Kb1 Rg7 31. Qxh5 O-O-O 32.
Rhf1 Qe7 33. Qe5 Rg2 34. Bf4 Na8 35. Ne3 Rg6 36. Nf5 Qc5 37. Qb8+ Kd7 38.
Qxb7+ Ke8 39. Bd6 Rd7 40. Qxa8+ Rd8 41. Qb7 Rd7 42. Qc8+ Rd8 43. Rxe6+ fxe6
44. Ng7+ Rxg7 45. Rf8# 1-0